| Tag |
First Indicator |
Second Indicator |
Subfields |
| LEADER |
00000cam a2200000 a 4500 |
| 001 |
in00000773321 |
| 005 |
20151017060858.0 |
| 008 |
881128s1988 nyu 00011 eng d |
| 020 |
|
|
|a 0671697900 :
|c $3.50
|
| 035 |
|
|
|a (OCoLC)18805116
|
| 035 |
|
|
|9 ADM4988AM
|
| 040 |
|
|
|a OHI
|c OHI
|d TXA
|d UtOrBLW
|
| 049 |
|
|
|a TXAM
|c [A12339666]
|
| 050 |
|
4 |
|a PS3572.I534
|b T57 1988
|
| 100 |
1 |
|
|a Vinge, Vernor.
|
| 245 |
1 |
0 |
|a Threats...and other promises /
|c Vernor Vinge.
|
| 264 |
|
1 |
|a New York :
|b Baen :
|c 1988.
|
| 264 |
|
2 |
|a New York :
|b Distributed by Simon & Schuster,
|
| 300 |
|
|
|a 320 pages ;
|c 18 cm.
|
| 336 |
|
|
|a text
|b txt
|2 rdacontent
|
| 337 |
|
|
|a unmediated
|b n
|2 rdamedia
|
| 338 |
|
|
|a volume
|b nc
|2 rdacarrier
|
| 500 |
|
|
|a "A Baen books original."
|
| 999 |
|
|
|a MARS
|
| 999 |
f |
f |
|s dc01a51d-1596-3422-9c2f-7a75fd18f739
|i 6ca59114-b622-386a-ac16-cb99eb9a5293
|t 0
|
| 952 |
f |
f |
|p normal
|a Texas A&M University
|b College Station
|c Sterling C. Evans Library
|d Evans: Library Stacks
|t 0
|e PS3572.I534 I57 1988
|h Library of Congress classification
|i unmediated -- volume
|m A14812339666
|
| 998 |
f |
f |
|a PS3572.I534 I57 1988
|t 0
|l Evans: Library Stacks
|